00411nam a2200181Ia 4500003000400000005001700004008004100021020001800062040000700080041000800087082002100095100002000116245002900136250000600165260002800171300001600199365001400215OSt20230425091208.0210423s2012 xx 000 0 und d a9780415374132 cAL aeng a809.033 DURS223 aDURING (Simon). aCultural studies reader. a3 aLondonbRoutledgec2012 axii,564bPB b1095cINR